Detalles MARC
| 000 -LEADER |
| fixed length control field |
01802 am a2200481 a 4500 |
| 005 - FECHA ULTIMA MODIFICACION |
| control field |
20240515084139.0 |
| 008 - CAMPO DE CONTROL (LIBRO) |
| fixed length control field |
100302s2011 ag il. f |||| 001 0 spa d |
| 020 ## - INTERNATIONAL STANDARD BOOK NUMBER |
| ISBN |
9789500602693 |
| 041 ## - CODIGO DE IDIOMA |
| Código de idioma del texto/pista de sonido o título separado |
spa |
| 092 ## - SIGNATURA TOPOGRAFICA DEWEY LOCAL |
| número de clasificación |
575.1 |
| libristica |
80 |
| sección |
SOL |
| 100 1# - ENTRADA PRINCIPAL--NOMBRE PERSONAL |
| Nombre personal |
Solari, Alberto Juan |
| 9 (RLIN) |
18 |
| 245 ## - TITULO PROPIAMENTE DICHO |
| Título |
Genética Humana. |
| Subtítulo y Título paralelo |
Fundamentos y aplicaciones en medicina / |
| Mención de responsabilidad y remanente de la transcripción de la portada |
Alberto Juan Solari |
| 250 ## - MENCION DE EDICION |
| Mención de edición |
4a ed. |
| 260 ## - PIE DE IMPRENTA |
| Lugar de publicación, distribución, etc |
Buenos Aires: |
| Nombre de la editorial, distribuidor, etc |
Editorial Médica Panamericana; |
| Fecha de publicación |
2011. |
| 300 ## - DESCRIPCION FISICA |
| Extension |
554 p. |
| Otros detalles físicos |
il. |
| 500 ## - NOTA GENERAL |
| Nota general |
Solari, A. J. y Roubicek, M. (2011). Genética humana. Fundamentos y aplicaciones en medicina. (4a ed.). Buenos Aires : Editorial Médica Panamericana. |
| 590 ## - NOTAS LOCALES (RLIN) |
| Nota local |
Donación Editorial, Mayo 2011 |
| 653 ## - TÉRMINO INDIZADO - PALABRAS CLAVES |
| Palabra clave |
Genética humana |
| 653 ## - TÉRMINO INDIZADO - PALABRAS CLAVES |
| Palabra clave |
Genética molecular |
| 653 ## - TÉRMINO INDIZADO - PALABRAS CLAVES |
| Palabra clave |
Material genético: ADN y cromosomas |
| 653 ## - TÉRMINO INDIZADO - PALABRAS CLAVES |
| Palabra clave |
Genoma humano |
| 653 ## - TÉRMINO INDIZADO - PALABRAS CLAVES |
| Palabra clave |
Mutación |
| 653 ## - TÉRMINO INDIZADO - PALABRAS CLAVES |
| Palabra clave |
Herencia humana |
| 653 ## - TÉRMINO INDIZADO - PALABRAS CLAVES |
| Palabra clave |
Determinación sexual y cromosomas sexuales |
| 653 ## - TÉRMINO INDIZADO - PALABRAS CLAVES |
| Palabra clave |
Ligamiento |
| 653 ## - TÉRMINO INDIZADO - PALABRAS CLAVES |
| Palabra clave |
Meiosis. Genética e infertilidad |
| 653 ## - TÉRMINO INDIZADO - PALABRAS CLAVES |
| Palabra clave |
Enfermedades de herencia multifactorial, enfermedades de origen complejo y otros tipos de herencia |
| 653 ## - TÉRMINO INDIZADO - PALABRAS CLAVES |
| Palabra clave |
Genética bioquímica. Errores congénitos del metabolismo |
| 653 ## - TÉRMINO INDIZADO - PALABRAS CLAVES |
| Palabra clave |
Anomalías genéticas de las proteinas estructurales |
| 653 ## - TÉRMINO INDIZADO - PALABRAS CLAVES |
| Palabra clave |
Genética del desarrollo embrionario y ciliopatías |
| 653 ## - TÉRMINO INDIZADO - PALABRAS CLAVES |
| Palabra clave |
Cariotipo humano y cromosomopatías |
| 653 ## - TÉRMINO INDIZADO - PALABRAS CLAVES |
| Palabra clave |
Aberraciones cromosómicas estructurales y síndrome del X frágil |
| 653 ## - TÉRMINO INDIZADO - PALABRAS CLAVES |
| Palabra clave |
Genética de los tumores |
| 653 ## - TÉRMINO INDIZADO - PALABRAS CLAVES |
| Palabra clave |
Aspectos éticos, sociales y legales en genética humana |
| 700 1# - ENTRADAS SECUNDARIAS - NOMBRE PERSONAL |
| Nombre personal |
Roubicek, Martín |
| 9 (RLIN) |
19 |
| 930 ## - NUMERO DE INVENTARIO |
| Número de inventario |
2291 |
| 930 ## - NUMERO DE INVENTARIO |
| Número de inventario |
2357 |
| 930 ## - NUMERO DE INVENTARIO |
| Número de inventario |
2358 |
| 930 ## - NUMERO DE INVENTARIO |
| Número de inventario |
2359 |
| 930 ## - NUMERO DE INVENTARIO |
| Número de inventario |
2360 |
| 930 ## - NUMERO DE INVENTARIO |
| Número de inventario |
2361 |
| 942 ## - ADDED ENTRY ELEMENTS (KOHA) |
| Source of classification or shelving scheme |
Dewey Decimal Classification |
| Item type |
Libros |